• 首页
  • 本馆介绍
  • 公告通知
  • 最新文献
  • 馆藏检索
  • 电子资源
  • 读者导购
  • 参考咨询
  • 我的图书馆
  • 登录
  • 详细信息显示
  • 放入我的书架
  • 预约/预借图书
  • 作者相关作品
  • 分类相关作品
  • 丛书相关作品
  • 出版社相关作品

书目信息

  • 表格格式
  • 工作单格式
  • 卡片格式
题名:
黄宾虹精品选
    
 
作者: 黄宾虹 绘
分册:  
出版信息: 天津   天津杨柳青画社  2013.08
页数: 36页
开本: 53cm
丛书名: 中国近现代名家精品丛书
单 册:
中图分类: J222.76 , J222.77
科图分类:
主题词: 山水画--作品集--中国--现代 , 花鸟画--作品集--中国--现代 , 山水画 , 花鸟画
电子资源:
ISBN: 978-7-5547-0125-6
000 01145oam2 2200337 450
001 012013650176
005 20140609165052.96
010    @a978-7-5547-0125-6@dCNY58.00
100    @a20130923d2013 em y0chiy0110 ea
101 0  @achi
102    @aCN@b120000
105    @aa z 000yy
106    @ad
200 1  @a黄宾虹精品选@9huang bin hong jing pin xuan
210    @a天津@c天津杨柳青画社@d2013.08
215    @a36页@c图@d53cm
225 2  @a中国近现代名家精品丛书
312    @a封面英文题名:Selected works of painting by Huang Binhong
330    @a本书收录的作品主要包括:春山喜雨、仿垢道人、庚午旧作、断雨湿云、拟宋元笔意、江帆秋影 青绿山水、山水之一、片水无痕浸碧天等。
333    @a美术爱好者
461  0 @12001 @a中国近现代名家精品丛书@1701 0@a刘建超@4主编
510 1  @aSelected works of painting by Huang Binhong@zeng
606 0  @a山水画@x作品集@y中国@z现代
606 0  @a花鸟画@x作品集@y中国@z现代
606 0  @a山水画
606 0  @a花鸟画
690    @aJ222.76@v5
690    @aJ222.77@v5
701  0 @a黄宾虹@9huang bin hong@f(1865-1955)@4绘
801  0 @aCN@b人天书店@c20130923
905    @b847347-49@dJ222.76@e292@f3
    
    黄宾虹精品选.-天津:天津杨柳青画社,2013.08
    36页:图;53cm.-(中国近现代名家精品丛书)
    使用对象:美术爱好者
    
    ISBN 978-7-5547-0125-6:CNY58.00
    本书收录的作品主要包括:春山喜雨、仿垢道人、庚午旧作、断雨湿云、拟宋元笔意、江帆秋影 青绿山水、山水之一、片水无痕浸碧天等。
●
相关链接 在E读中查询图书 在五车中查询图书 在当当中查询图书 在豆瓣中查询图书


正题名:黄宾虹精品选     索取号:J222.76/292         预约/预借

序号 登录号 条形码 馆藏地/架位号 状态 备注
1 847347   208473472   第一样本阅览室/ [索取号:J222.76/292] 在馆    
2 847348   208473481   美术系资料室/ [索取号:J222.76/292] 在馆    
3 847349   208473490   第一借阅区/ [索取号:J222.76/292] 在馆    
唐山师范学院图书馆 欢迎您!
大连网信软件有限公司© 版权所有